Przewoźnicy kolejowi w Polsce - Statystyki

Ogólne statystyki
  • Ten quiz został rozwiązany 1 196 razy
  • Średni wynik to 8 z 13
Statystyki odpowiedzi
Lp Udział w 2019r. Przewoźnik % Poprawnych
3 14,57% PKP Intercity
96%
1 26,49% Przewozy Regionalne
86%
2 18,52% Koleje Mazowieckie
83%
6 6,08% Koleje Śląskie
77%
7 4,20% Koleje Dolnośląskie
75%
8 3,63% Koleje Wielkopolskie
70%
10 1,93% Koleje Małopolskie
68%
4 12,85% PKP SKM w Trójmieście
50%
5 6,43% SKM w Warszawie
47%
11 1,79% Łódzka Kolej Aglomeracyjna
43%
12 0,69% Arriva RP
41%
9 2,62% Warszawska Kolej Dojazdowa
40%
13 0,15% Usedomer Bäderbahn (UBB)
8%
Nie znaleziono quizów pasujących do podanych kryteriów
Rozkład punktacji
Procent ludzi z każdym wynikiem
Percentyl według liczby udzielonych odpowiedzi
Twoja historia wyników
Nie rozwiązałeś tego quizu